| 000 | 01276cab a2200301 4500 | ||
|---|---|---|---|
| 001 | ABS55678 | ||
| 008 | 090401t1996 xxu||||| |||| 00| 0 eng d | ||
| 035 | _a(Sirsi) u17976 | ||
| 041 | _aeng | ||
| 245 | _aPorter and another v SoS Transport | ||
| 260 | _c1996 | ||
| 350 | _a0 | ||
| 490 |
_aAll England Law Reports _v(1996) 3 All ER 693-706(14) |
||
| 520 | _aCA 16 May 1996. Appeal by acquiring authority against LT preliminary ruling binding the authority to the certificate of appropriate alternative development issued by the SoS Transport under the Land Compensation Act 1961 s17 and 18 in assessing compensation for land compulsorily purchased for construction of a new by-pass. AAppeal allowed. | ||
| 650 | _aBYPASS | ||
| 650 | _aCERTIFICATE OF APPROPRIATE DEVELOPMENT | ||
| 650 | _aCOMPENSATION | ||
| 650 |
_aCompulsory purchase _96228 |
||
| 650 | _aINJURIOUS AFFECTION | ||
| 650 | _aISSUE ESTOPPEL | ||
| 650 | _aLAND COMPENSATION ACT 1961 S17 | ||
| 650 | _aLAND COMPENSATION ACT 1961 S18 | ||
| 650 | _aPROPERTY-INFRASTRUCTURE-TRANSPORT INFRASTRUCTURE-ROAD INFRASTRUCTURE | ||
| 650 | _aSEVERANCE | ||
| 690 | _aENVIRONMENTAL AND LAND CONSULTANCY-PLANNING AND DEVELOPMENT-COMPULSORY PURCHASE AND COMPENSATION | ||
| 942 | _n0 | ||
| 948 | _c04/03/1997 | ||
| 999 |
_c11921 _d11921 |
||